00445 2200169 4500001002100000005001700021008004100038020001800079035002500097041000700122082001400129090002000143100001700163245003200180260004500212650001800257INLIS0000000000043010:yyyyMMddHHmmss180719||||||||| | ||| |||| || |  a979-22-3092-0 a0010-031300000004301 aid0 a641.865 3 a641.865 3 HID j0 akoko hidayat00aJapanese cake : cake jepang aJakartabPT Gramedia pustaka utamac2007 0ajapanese cake